Osadía de la prudencia: un nuevo sentido del progreso

Na minha lista:
Detalhes bibliográficos
Autor principal: Ottone Fernández, Ernesto (autor)
Outros Autores: Pizarro Contador, Crisóstomo (autor)
Formato: Livro
Idioma:espanhol
Publicado em: Santiago Fondo de Cultura Económica 2003
Edição:1a. ed
Colecção:Breviarios, 388
Assuntos:
Tags: Adicionar Tag
Sem tags, seja o primeiro a adicionar uma tag!

MARC

LEADER 00000nam a2200000 a 4500
001 UCL7253
003 CL-VaPUC
008 040514e20030000CL |||||||||||||||||spa|d
020 |a 9562890376 
082 0 4 |a 320.01  |b OTT  |2 21 
100 |a Ottone Fernández, Ernesto  |e autor  |9 574803 
700 |a Pizarro Contador, Crisóstomo  |e autor  |9 605677 
245 1 0 |a Osadía de la prudencia: un nuevo sentido del progreso 
250 |a 1a. ed 
300 |a 192 p 
942 |c BK 
945 |d 20040514 00:00:00  |a cmena 
260 |a Santiago  |b Fondo de Cultura Económica  |c 2003 
650 7 |a FILOSOFIA POLITICA  |2 CL-VaPUC  |9 485119 
650 0 |a Globalización  |9 361930 
650 0 |a Democracia  |9 255256 
650 0 |a Igualdad social  |9 358751 
650 0 |a Desarrollo económico y social   |9 256320 
583 |a last modification  |c 20040514 00:00:00  |k Rodrigo Vera 
490 0 |a Breviarios, 388 
999 |c 309101  |d 309099 
952 |0 0  |1 0  |4 0  |6 320_010000000000000_OTT_2003  |7 0  |8 A  |9 376388  |a BIBEDU  |b BIBEDU  |d 2019-11-21  |i 4013514  |o 320.01 OTT 2003  |p 4013514  |r 2019-11-21  |w 2019-11-21  |y BK  |k LIT